000 00565nam a22001937a 4500
003 OSt
005 20180116183058.0
008 161026b xxu||||| |||| 00| 0 eng d
020 _a0195795881
040 _c0
082 _a954.030882971 TAL 2000
100 _aTalha,Naureen
245 _aEconomic Factors in the Making of Pakistan 1921-1947.
_cNaureen Talha
260 _aKarachi
_bameena saiyid, Oxford University press
_c2000.
300 _a220p.
_bPB.
440 _aEconomic Factors in the Making of Pakistan 1921-1947
500 _aPB.
942 _2ddc
_cBK
999 _c351909
_d351909